| 000 | 00485nam a2200193Ia 4500 | ||
|---|---|---|---|
| 003 | OSt | ||
| 005 | 20250304162357.0 | ||
| 008 | 210210b1963 xxu||||| |||| 00| 0 eng d | ||
| 040 | _cAL | ||
| 041 | _aLannada | ||
| 082 | _a859/644 | ||
| 100 |
_aTA RA SU _960144 _d ತ. ರಾ.ಸು. |
||
| 245 | _aGalimatu ಗಾಳಿಮಾತು | ||
| 260 |
_aBengaluru _bSharada Prakashana _c1963 |
||
| 300 | _a159 | ||
| 690 |
_aKannada Fiction _960145 |
||
| 906 | _a002903 | ||
| 942 |
_2ddc _cBK |
||
| 999 |
_c125306 _d125306 |
||